|
|
|
|
| LEADER |
00000nab a2200000uu 4500 |
| 001 |
vtls011145644 |
| 003 |
SK-MaSNL |
| 005 |
20260303145804.0 |
| 008 |
230222|1971 xo |||||||||||||||||ger| |
| 015 |
|
|
|a SNBRB
|
| 035 |
|
|
|a (urnnbn)urn:nbn:sk:snk:ar-008jrq
|
| 035 |
|
|
|a (uuid)0fa648df-5efb-4b2f-91ec-c9a205284dbb
|
| 035 |
|
|
|a urn:nbn:sk:snk-abawe5
|
| 040 |
|
|
|a SNKBUCL
|b slo
|c SNKBUCL
|e AACR2
|
| 041 |
0 |
|
|a ger
|
| 044 |
|
|
|a xo
|c SK
|
| 100 |
1 |
|
|a Gádoros, Miklós
|4 aut
|9 963322
|
| 245 |
1 |
0 |
|a ÜBER DIE RADIOAKTIVITÄT IN DEN HÖHLEN
|c Miklós Gádoros
|
| 773 |
0 |
|
|t Slovenský kras : sborník Múzea slovenského krasu v Lipt. Mikuláši
|g Roč. 9, č. 1 (1971), s. 181-[191]
|
| 958 |
|
|
|a OND
|
| 958 |
|
|
|a EUIPO
|
| 958 |
|
|
|a article14
|
| 999 |
|
|
|c 2005233
|d 2007163
|